Classical and modern regression with applications / (Record no. 181402)

000 -LEADER
fixed length control field 00933 a2200193 4500
003 - CONTROL NUMBER IDENTIFIER
control field Nust
005 - DATE AND TIME OF LATEST TRANSACTION
control field 20230223171027.0
010 ## - LIBRARY OF CONGRESS CONTROL NUMBER
LC control number 85013638
020 ## - INTERNATIONAL STANDARD BOOK NUMBER
International Standard Book Number 0871509466
040 ## - CATALOGING SOURCE
Transcribing agency Nust
082 00 - DEWEY DECIMAL CLASSIFICATION NUMBER
Classification number 519.536,MYE
100 1# - MAIN ENTRY--PERSONAL NAME
Personal name Myers, Raymond H.
9 (RLIN) 8670
245 10 - TITLE STATEMENT
Title Classical and modern regression with applications /
Statement of responsibility, etc. Raymond H. Myers.
260 ## - PUBLICATION, DISTRIBUTION, ETC.
Place of publication, distribution, etc. Boston, Mass. :
Name of publisher, distributor, etc. Duxbury Press,
Date of publication, distribution, etc. c1986.
300 ## - PHYSICAL DESCRIPTION
Extent viii, 359 p. :
Other physical details ill. ;
Dimensions 24 cm.
505 ## - FORMATTED CONTENTS NOTE
Formatted contents note Introduction Regressions Analysis (Page-1), The Simple Linear Regression Model (Page-8), The Multiple Linear Regression Model (Page-51), Criteria for Choice of Best Model (Page-100), Analysis of Residuals (Page-137), Nonstandard Conditions Violations of Assumptions and Transformation (Page-167), Detecting and Combating Multicolinearity (Page-218), Influence Diagnostics (Page-276), Nonlinear Regression (Page-300).
650 #0 - SUBJECT ADDED ENTRY--TOPICAL TERM
Topical term or geographic name entry element Regression analysis.
942 ## - ADDED ENTRY ELEMENTS (KOHA)
Source of classification or shelving scheme
Koha item type Book
Holdings
Withdrawn status Lost status Source of classification or shelving scheme Damaged status Not for loan Permanent Location Current Location Shelving location Date acquired Full call number Barcode Date last seen Price effective from Koha item type Public note
          Military College of Signals (MCS) Military College of Signals (MCS) General Stacks 12/12/2016 519.536,MYE MCS7174 12/08/2016 12/12/2016 Book Almirah No.71, Shelf No.2
© 2023 Central Library, National University of Sciences and Technology. All Rights Reserved.